00578nam a2200169Ia 4500003000900000008004100009040001600050080001500066110002700081245011100108260003700219300001200256650003000268942000700298999001300305952009000318IN-BaIIA211028s9999 xx 000 0 eng d cIIA Library a520.2bROY aThe Royal Society9744 0aCorrespondence concerning the great melbourne telescopebin three parts 1852- 1870cThe Royal Society  aLondonbTaylor and Francisc1871 av, 59p. aMelbourne Telescope92054 cBK c954d954 00104070aBANbKODcGENd0000-00-00l0o520.2/ ROYp988r2021-11-05w0000-00-00yBK